Countries by Elimination - Statistics

General Stats
  • This quiz has been taken 2,578 times
  • The average score is 16 of 20
Answer Stats
Eliminate remaining
countries...
Left KO Eliminated Countries % Correct
with over a billion people. 194 2 India, China
100%
with nuclear weapons. 185 6 United States, Pakistan, United Kingdom, France, North Korea, Israel
98%
in the Organisation of Islamic Cooperation. 116 37 Algeria, Benin, Cameroon, Comoros, Djibouti, Gabon, Gambia, Ivory Coast, Libya, Mauritania, Morocco, Senegal, Sudan, Togo, Tunisia, Azerbaijan, Bahrain, Brunei, Iran, Iraq, Jordan, Kazakhstan, Kuwait, Kyrgyzstan, Lebanon, Malaysia, Oman, Qatar, Saudi Arabia, Tajikistan, Turkey, Turkmenistan, United Arab Emirates, Uzbekistan, Albania, Guyana, Suriname
91%
that are original member of BRICS. 191 3 Brazil, Russia, South Africa
91%
with an urban area over 20 million. 176 9 Indonesia, Nigeria, Philippines, Bangladesh, Japan, Mexico, Egypt, Thailand, South Korea
91%
that border the Mediterranean or the Black Sea. 77 13 Spain, Monaco, Malta, Slovenia, Croatia, Bosnia and Herzegovina, Montenegro, Greece, Bulgaria, Romania, Ukraine, Cyprus, Syria
89%
that have a maximum elevation over 5000 metres. 90 12 Georgia, Myanmar, Bolivia, Chile, Bhutan, Argentina, Peru, Colombia, Uganda, Kenya, Ecuador, Nepal
88%
that were in the Warsaw Pact (or part of a country that was). 67 10 Poland, Czechia, Slovakia, Hungary, Moldova, Armenia, Belarus, Estonia, Latvia, Lithuania
88%
that are communist. 153 3 Vietnam, Laos, Cuba
87%
in the Southern African Development Community. 102 11 Angola, Botswana, Eswatini, Lesotho, Malawi, Mauritius, Namibia, Seychelles, Tanzania, Zambia, Zimbabwe
86%
that are one of the "7" in the G7. 113 3 Canada, Italy, Germany
86%
ranked in the bottom 20 by HDI. 156 20 Somalia, South Sudan, Central Africa Republic, Niger, Chad, Mali, Burundi, Yemen, Burkina Faso, Sierra Leone, Mozambique, Afghanistan, Guinea, Democratic Republic of the Congo, Guinea-Bissau, Liberia, Madagascar, Ethiopia, Eritrea, Gambia
86%
that are island countries. 28 32 Papua New Guinea, New Zealand, Iceland, Ireland, Sri Lanka, Dominican Republic, Taiwan, Solomon Islands, Haiti, Fiji, East Timor, Bahamas, Vanuatu, Jamaica, Trinidad and Tobago, Samoa, Kiribati, Dominica, Tonga, Federated States of Micronesia, St. Lucia, Palau, Antigua and Barbuda, Barbados, St. Vincent and the Grenadines, Grenada, St. Kitts and Nevis, Marshall Islands, Tuvalu, Nauru, Maldives
81%
in Africa. 62 5 Ghana, Sao Tome, Equatorial Guinea, Cape Verde, Rwanda
72%
that were neutral in WWII. 2 2 Switzerland, Liechtenstein
70%
that were founding members of NATO. 22 6 Belgium, Denmark, Luxembourg, Netherlands, Norway, Portugal
69%
with land area over 1 million square kilometres. 60 2 Mongolia, Australia
69%
that are smaller than 100 square km. 1 1 San Marino
54%
whose biggest city is its capital. 4 18 Guatemala, El Salvador, Honduras, Nicaragua, Panama, Costa Rica, Venezuela, Paraguay, Uruguay, Finland, Sweden, Andorra, Vatican City, Austria, Serbia, Kosovo, North Macedonia, Cambodia
52%
Don't eliminate Britain's last American colony, which is: 1 0 Belize
37%
No matching quizzes found
Score Distribution
Percent of People with Each Score
Percentile by Number Answered
Your Score History
You have not taken this quiz